Physiological aspects of sport training and performance (Record no. 18892)

MARC details
000 -LEADER
fixed length control field 00774nam a2200241 a 4500
001 - CONTROL NUMBER
control field 156494
003 - CONTROL NUMBER IDENTIFIER
control field OSt
005 - DATE AND TIME OF LATEST TRANSACTION
control field 20211005122702.0
008 - FIXED-LENGTH DATA ELEMENTS--GENERAL INFORMATION
fixed length control field 181031 ### HIN
020 ## - INTERNATIONAL STANDARD BOOK NUMBER
International Standard Book Number 9781450442244
082 ## - DEWEY DECIMAL CLASSIFICATION NUMBER
Classification number 612.044
Item number H67P
100 ## - MAIN ENTRY--PERSONAL NAME
Personal name Hoffman, Jay
245 ## - TITLE STATEMENT
Title Physiological aspects of sport training and performance
Statement of responsibility, etc by Jay Hoffman
250 ## - EDITION STATEMENT
Edition statement 2nd ed.
260 ## - PUBLICATION, DISTRIBUTION, ETC. (IMPRINT)
Place of publication, distribution, etc Champaign
Name of publisher, distributor, etc Human Kinetics
Date of publication, distribution, etc 2014
300 ## - PHYSICAL DESCRIPTION
Extent xiv, 505p.
500 ## - GENERAL NOTE
General note The book includes a web resources featuring 80 drills and 41 video clips
653 ## - INDEX TERM--UNCONTROLLED
Uncontrolled term Sports--Physiological aspects
653 ## - INDEX TERM--UNCONTROLLED
Uncontrolled term Exercise--Physiological aspects
653 ## - INDEX TERM--UNCONTROLLED
Uncontrolled term Physical education and training--Physiological aspects
653 ## - INDEX TERM--UNCONTROLLED
Uncontrolled term Physical education and training
942 ## - ADDED ENTRY ELEMENTS (KOHA)
Source of classification or shelving scheme Dewey Decimal Classification
Koha item type Books
Holdings
Withdrawn status Lost status Source of classification or shelving scheme Damaged status Not for loan Collection code Home library Current library Date acquired Source of acquisition Total Checkouts Full call number Barcode Date last seen Date checked out Price effective from Koha item type
    Dewey Decimal Classification     General Text Book Central University Of Rajasthan Central University Of Rajasthan 31/10/2018 SPS 9 612.044 H67P 31350 03/06/2026 19/05/2026 02/09/2020 Books